12 Epic Narratives: (Record no. 212574)
[ view plain ]
| 000 -LEADER | |
|---|---|
| fixed length control field | 00689nam a22002297a 4500 |
| 005 - DATE AND TIME OF LATEST TRANSACTION | |
| control field | 20250724143859.0 |
| 010 ## - LCCN (DPL NO) | |
| LC control number | ENG-146122-123 |
| 020 ## - INTERNATIONAL STANDARD BOOK NUMBER | |
| International Standard Book Number | 9789349184879 |
| Terms of availability | 2150.00 |
| 020 ## - INTERNATIONAL STANDARD BOOK NUMBER | |
| International Standard Book Number | 9789349184411 |
| Terms of availability | 2150.00 |
| 035 ## - SYSTEM CONTROL NUMBER | |
| System control number | EN-129654-655 |
| 037 ## - SOURCE OF ACQUISITION | |
| Source of stock number/acquisition | DBAD |
| 082 ## - DEWEY DECIMAL CLASSIFICATION NUMBER | |
| Classification number | 881 |
| Edition number | 1 |
| 100 ## - MAIN ENTRY--PERSONAL NAME | |
| Personal name | Anand, Jernail Singh |
| 245 ## - TITLE STATEMENT | |
| Title | 12 Epic Narratives: |
| Remainder of title | Epicasia/ |
| Statement of responsibility, etc | Jernail Singh Anand |
| 250 ## - EDITION STATEMENT | |
| Edition statement | 1 |
| 260 ## - PUBLICATION, DISTRIBUTION, ETC. (IMPRINT) | |
| Place of publication, distribution, etc | Gurugram |
| Name of publisher, distributor, etc | Earth Vision Publications |
| Date of publication, distribution, etc | 2025 |
| 270 ## - ADDRESS | |
| Address | H-23/16, DLF Phase-1 |
| City | Gurugram |
| Postal code | 122002 |
| Electronic mail address | earthvisionpublications@gmail.com |
| 300 ## - PHYSICAL DESCRIPTION | |
| Extent | 898p. |
| Dimensions | 22cm(hb) |
| 300 ## - PHYSICAL DESCRIPTION | |
| Extent | 977p. |
| Dimensions | 21cm(hb) |
| 490 ## - SERIES STATEMENT | |
| Volume number/sequential designation | 1,2 |
| 942 ## - ADDED ENTRY ELEMENTS (KOHA) | |
| Source of classification or shelving scheme | Dewey Decimal Classification |
| Item type | English Books |
| Classification part | 881 |
| Call number suffix | ANA |
| Edition | 1 |
| Withdrawn status | Lost status | Materials specified (bound volume or other part) | Not for loan | Collection code | Home library | Current library | Date acquired | Source of acquisition | Cost, normal purchase price | Full call number | Barcode | Copy number | Cost, replacement price | Koha item type |
|---|---|---|---|---|---|---|---|---|---|---|---|---|---|---|
| VOL-1 | Non-fiction | Central Library | Central Library | 24/07/2025 | Delivery of Books Act Division | 2150.00 | 881 ANA | EN-129654 | 1 | 2150.00 | English Books | |||
| VOL-2 | Non-fiction | Central Library | Central Library | 24/07/2025 | Delivery of Books Act Division | 2150.00 | 881 ANA | EN-129655 | 1 | 2150.00 | English Books |
